01967nam a2200301 i 4500001000700000003000700007005001700014007000300031008004100034015001000075017005200085020001800137035001300155040003900168080002100207100003300228245003500261250003700296264004000333300004400373336002200417337003000439338002400469520097400493600005201467655003301519852011301552193193SpMaBN20250630060301.0ta231002s2021 sp | |||| 000 f spa  aMON21 aB 2617-2021bOficina Depósito Legal Barcelona a9788401025761 aa6920101 aSpMaBNbspacSpMaBNerdadES-MaACL a821.134.2-31"19"1 aVallina, Alicia,d1976-eaut10aHija del mar /cAlicia Vallina aPrimera edición: abril de 2021 1a[Barcelona] :bPlaza Janés,c2021 a360 páginas :bilustraciones ;c24 cm aTexto2rdacontent asin mediación2rdamedia avolumen2rdacarrier aSiglo XVIII. La cordobesa Ana María de Soto huye de un matrimonio impuesto con la intención de comenzar una aventura jamás iniciada por una mujer: la de hacerse pasar por varón para alistarse en la Armada Española. Cumple, así, su sueño de recorrer el mundo y de enfrentarse a valerosos e intrépidos enemigos. En su viaje, Ana María no solo conocerá el éxtasis y el dolor del primer amor, sino también tendrá que hacer gala de toda su valentía y arrojo para sobrevivir en un mundo de hombres, donde cada paso en falso puede suponer para ella el mayor de los desastres. Durante sus aventuras en la mar, descubrirá el valor de la amistad y el honor, pero también la violencia, el miedo y la traición. Una novela apasionante y emotiva que nos descubrirá a una de las heroínas más intrigantes de la historia de España. Una mujer única en su tiempo que vivió con la valentía de quien no se entrega a un destino establecido.10aSoto Alhama, Ana María Antonia de,d1775-1833 7aNovelas históricas2tgfbne aES_MaACLbR.154601jN-9360cDEPOJxEncuadernación cartoné con sobrecubiertashDonación: Alicia Vallina